| Tag |
First Indicator |
Second Indicator |
Subfields |
| LEADER |
00000cam a2200000 i 4500 |
| 001 |
in00000020843 |
| 005 |
20151007055509.0 |
| 008 |
800328c19871980maua j 00011 eng |
| 010 |
|
|
|a 80014001
|
| 020 |
|
|
|a 0316110620
|
| 035 |
|
|
|a (OCoLC)06223059
|
| 035 |
|
|
|9 AAB8409AM
|
| 040 |
|
|
|a DLC
|c DLC
|d m.c.
|d TXA
|d UtOrBLW
|
| 049 |
|
|
|a [Curr Col] TXAM
|c [A12554779]
|
| 050 |
0 |
0 |
|a PZ7.B81618
|b As
|
| 050 |
|
4 |
|a PZ7.B81618
|b As 1987
|
| 082 |
0 |
|
|a [E]
|
| 100 |
1 |
|
|a Brown, Marc Tolon.
|
| 245 |
1 |
0 |
|a Arthur's valentine /
|c by Marc Brown.
|
| 250 |
|
|
|a [1st ed.].
|
| 264 |
|
1 |
|a Boston :
|b Little, Brown,
|c 1987
|
| 264 |
|
4 |
|c ©1980
|
| 300 |
|
|
|a 32 unnumbered pages :
|b color illustrations ;
|c 27 cm.
|
| 336 |
|
|
|a text
|b txt
|2 rdacontent
|
| 337 |
|
|
|a unmediated
|b n
|2 rdamedia
|
| 338 |
|
|
|a volume
|b nc
|2 rdacarrier
|
| 500 |
|
|
|a "An Atlantic Monthly Press book."
|
| 520 |
|
|
|a Arthur's wrong guess about the identity of the secret admirer sending him valentine messages leads to teasing by the other children, but clues in additional messages allow him to get his due.
|
| 650 |
|
1 |
|a Saint Valentine's Day
|x Fiction.
|
| 650 |
|
1 |
|a Animals
|x Fiction.
|
| 999 |
|
|
|a MARS
|
| 999 |
f |
f |
|s 90d7dd1a-c624-36c5-9f5a-c5ab5036386a
|i 6891f832-86ea-34e2-a81e-1cab702077fb
|t 0
|
| 952 |
f |
f |
|p normal
|a Texas A&M University
|b College Station
|c Sterling C. Evans Library
|s Evans curr
|d Evans: Curriculum Collection (4th floor)
|t 0
|e PZ7.B81618 As 1987
|h Library of Congress classification
|i unmediated -- volume
|m A14812554779
|
| 998 |
f |
f |
|a PZ7.B81618 As 1987
|t 0
|l Evans: Curriculum Collection (4th floor)
|